| 000 | 00765nam a22002057a 4500 | ||
|---|---|---|---|
| 003 | UA-OsUOA | ||
| 001 | 53468 | ||
| 007 | ta | ||
| 008 | 20151023b un ||||| |||| 00| 0 ukr d | ||
| 090 |
_a050 _bК19 |
||
| 942 | _cNP | ||
| 040 |
_aUA-OsUOA _bukr _cUA-OsUOA _dUA-OsUOA |
||
| 245 |
_aКанадійський ранок. Український християнський місячник _b1958: Ч. 908 (2 пр.), 909 (2 пр.); 1960: Ч. 933; 1961: Ч. 934, 938 |
||
| 955 | _a4 | ||
| 041 | _aukr | ||
| 080 | _a050 | ||
| 260 | _aВінніпег | ||
| 650 | 7 |
_a050 Серійні публікації. Періодика галузі, Організація та інші типи поєднання (співробітництва) _2UDC |
|
| 999 |
_c433588 _d433588 |
||